Introduction to electronic devices /
This book contains many examples, problems, and review questions. Most of the problems are fairly traditional and seft-contained "engineering science" problems...
Đã lưu trong:
| Tác giả chính: | |
|---|---|
| Định dạng: | Sách |
| Ngôn ngữ: | English |
| Được phát hành: |
New York :
John Wiley and Sons,
1995.
|
| Những chủ đề: | |
| Các nhãn: |
Thêm thẻ
Không có thẻ, Là người đầu tiên thẻ bản ghi này!
|
| Thư viện lưu trữ: | Mạng thư viện Đại học Đà Nẵng |
|---|
| LEADER | 00973cam a2200325 i 4500 | ||
|---|---|---|---|
| 001 | 000048899 | ||
| 003 | 8625 | ||
| 005 | 20051111141838.0 | ||
| 008 | 010324b1995 vm 000 eng | ||
| 020 | |a 0471103489 | ||
| 040 | |a IRC |c IRC |d IRC | ||
| 041 | 0 | |a eng | |
| 082 | 1 | 4 | |a 621.38152 |b SH-M |
| 100 | 1 | |a Shur, Michael. | |
| 245 | 0 | 0 | |a Introduction to electronic devices / |c Michael Shur. |
| 260 | |a New York : |b John Wiley and Sons, |c 1995. | ||
| 300 | |a 577 p. ; |c 25cm. | ||
| 520 | 3 | |a This book contains many examples, problems, and review questions. Most of the problems are fairly traditional and seft-contained "engineering science" problems... | |
| 630 | 0 | 4 | |a Electronics. |
| 650 | 0 | 4 | |a Electronic apparatus and appliances. |
| OWN | |a DUT | ||
| 999 | |a From the UDN01 | ||
| TYP | |a Monograph | ||
| TYP | |a Printed language | ||
| 980 | |a Mạng thư viện Đại học Đà Nẵng | ||


